Психология управления персоналом, учебник для вузов

Dades bibliogràfiques
Autor principal: Рогов Е. И. Евгений Иванович
Altres autors: Жолудева С. В. Светлана Васильевна, Науменко М. В. Марина Владимировна, Панкратова И. А. Ирина Анатольевна, Рогова Е. Е. Евгения Евгеньевна, Скрынник Н. Е. Наталья Евгеньевна, Шевелева А. М. Анна Максимилиановна
Sumari:URL: https://urait.ru/bcode/511237 (дата обращения: 27.08.2025).
В учебнике раскрываются как классические, так и новые подходы к психологии управления персоналом и организации работы с человеческим капиталом. В нем рассматриваются вопросы профессионального консультирования, построения карьеры, управления временем (тайм-менеджмента), мотивации и предотвращения профессиональных деформаций. Книга не только позволит студентам понять основы психологии управления персоналом и сдать экзамен, но и поможет действующим управленцам и менеджерам по персоналу улучшить свою работу, найти новые пути развития кадровой политики организации. Для студентов высших учебных заведений, обучающихся по экономическим и гуманитарным направлениям и специальностям.
Publicat: Москва, Юрайт, 2023
Col·lecció:Высшее образование
Matèries:
Accés en línia:https://urait.ru/bcode/511237
Format: MixedMaterials Electrònic Llibre

MARC

LEADER 00000nam a2200000 4500
001 RU/URAIT/511237
003 https://urait.ru/bcode/511237
005 20250827050525.1
010 |a 978-5-534-03827-9  |d 1429.00 
073 1 |a 9785534038279  |d 1429.00 
100 |a 20150608d2023 km y0rusy50 ca 
101 0 |a rus 
102 |a RU 
105 |a y j 000yy 
106 |a s 
200 1 |a Психология управления персоналом  |e учебник для вузов  |f Е. И. Рогов [и др.] ; под общей редакцией Е. И. Рогова. 
210 |a Москва  |c Юрайт  |d 2023 
215 |a 350 с 
225 1 |a Высшее образование 
230 |a Электрон. дан. 
300 |a URL: https://urait.ru/bcode/511237 (дата обращения: 27.08.2025). 
330 |a В учебнике раскрываются как классические, так и новые подходы к психологии управления персоналом и организации работы с человеческим капиталом. В нем рассматриваются вопросы профессионального консультирования, построения карьеры, управления временем (тайм-менеджмента), мотивации и предотвращения профессиональных деформаций. Книга не только позволит студентам понять основы психологии управления персоналом и сдать экзамен, но и поможет действующим управленцам и менеджерам по персоналу улучшить свою работу, найти новые пути развития кадровой политики организации. Для студентов высших учебных заведений, обучающихся по экономическим и гуманитарным направлениям и специальностям. 
337 |a Режим доступа: Электронно-библиотечная система Юрайт, для авториз. пользователей 
610 2 |a Управление персоналом. Управление человеческими ресурсами 
610 2 |a Менеджмент 
610 2 |a Психология кадрового менеджмента 
610 2 |a Психология управления персоналом 
610 2 |a Психология управления коллективом 
610 2 |a Профессиональные навыки менеджера 
610 2 |a Психология управления человеческими ресурсами 
610 2 |a Профессиональные навыки менеджера по управлению персонала 
610 2 |a Психология управления персоналом в организации 
675 |a 159.9(075.8) 
686 |a 88.4я73  |2 rubbk 
700 1 |a Рогов  |b Е. И.  |g Евгений Иванович 
701 1 |a Жолудева  |b С. В.  |g Светлана Васильевна 
701 1 |a Науменко  |b М. В.  |g Марина Владимировна 
701 1 |a Панкратова  |b И. А.  |g Ирина Анатольевна 
701 1 |a Рогова  |b Е. Е.  |g Евгения Евгеньевна 
701 1 |a Скрынник  |b Н. Е.  |g Наталья Евгеньевна 
701 1 |a Шевелева  |b А. М.  |g Анна Максимилиановна 
801 0 |a RU  |b ИКО Юрайт  |c 20150608  |g RCR  |2 rusmarc 
801 1 |a RU  |b ИКО Юрайт  |c 20150608  |g RCR  |2 rusmarc 
856 4 0 |n Юрайт  |g Электронная книга  |q html  |h ЮРАЙТ  |v 20250912  |2 Показать документ  |u https://urait.ru/bcode/511237 
955 |a учебник 
957 |a Психология кадрового менеджмента 
957 |a Психология управления персоналом 
957 |a Психология управления коллективом 
957 |a Профессиональные навыки менеджера 
957 |a Психология управления человеческими ресурсами 
957 |a Профессиональные навыки менеджера по управлению персонала 
957 |a Психология управления персоналом в организации 
900 |l